[Event "AUTO-MASTER-3202"]
[Site "http://www.queenalice.com/game.php?id=1839977"]
[Date "2024.7.9"]
[Round "2"]
[White "RaulSoft"]
[Black "jogador58"]
[Result "1-0"]
[WhiteElo "2589"]
[BlackElo "2160"]

1. d4 Nf6 2. c4 g6 3. Nc3 Bg7 4. e4 d6 5. Nf3 O-O 6. Be2 e5 7. O-O Nc6 8. d5 Ne7
9. b4 Ne8 10. c5 f5 11. Nd2 a5 12. cxd6 cxd6 13. bxa5 Nf6 14. Ba3 Ne8 15. Nc4
fxe4 16. Nxe4 Nf5 17. Rb1 Qc7 18. Bb4 Bd7 19. a4 Rf7 20. Nb6 Rd8 21. Ng5 Re7 22.
Nxd7 Rdxd7 23. Ne6 1-0

[Event "AUTO-MASTER-3202"]
[Site "http://www.queenalice.com/game.php?id=1839978"]
[Date "2024.7.9"]
[Round "2"]
[White "jogador58"]
[Black "RaulSoft"]
[Result "0-1"]
[WhiteElo "2172"]
[BlackElo "2600"]

1. d4 d5 2. c4 e6 3. Nf3 Nf6 4. Nc3 Bb4 5. e3 O-O 6. Bd3 dxc4 7. Bxc4 c5 8. O-O
cxd4 9. Nxd4 Bd7 10. Bd2 Nc6 11. Nc2 Be7 12. a3 Qb6 13. Re1 Rfd8 14. b4 Rac8 15.
Qe2 Ne5 16. Bb3 Rxc3 17. Bxc3 Bb5 18. Bd4 Rxd4 19. exd4 Bxe2 20. dxe5 Bh5 21.
exf6 Bxf6 22. Rac1 Bb2 23. Rb1 Bc3 24. Re3 Bf6 25. Ne1 Bd4 26. Rc1 g5 27. Rc8+
Kg7 0-1

[Event "Challenge"]
[Site "http://www.queenalice.com/game.php?id=1840761"]
[Date "2024.7.24"]
[Round "-"]
[White "jogo"]
[Black "RaulSoft"]
[Result "0-1"]
[WhiteElo "1718"]
[BlackElo "2606"]

1. e4 e5 2. d4 exd4 3. Qxd4 Nc6 4. Qe3 Nf6 5. a3 Be7 6. c4 Ng4 7. Qg3 d5 8. cxd5
Bh4 9. Qf3 Nd4 10. Qd3 Bxf2+ 11. Kd1 Bxg1 12. Rxg1 Nf2+ 0-1

[Event "AUTO-OPEN-4509"]
[Site "http://www.queenalice.com/game.php?id=1842663"]
[Date "2024.8.28"]
[Round "3"]
[White "RaulSoft"]
[Black "scarabeli"]
[Result "1-0"]
[WhiteElo "2639"]
[BlackElo "1815"]

1. d4 d5 2. c4 c6 3. cxd5 cxd5 4. Bf4 Qb6 5. Nc3 Nf6 6. e3 Bg4 7. Bb5+ Bd7 8. a4
e6 9. a5 Qd8 10. Nf3 a6 11. Bxd7+ Nbxd7 12. Qb3 b5 13. axb6 Qxb6 14. Qxb6 Nxb6
15. Ke2 Be7 16. Na4 Nxa4 17. Rxa4 Rc8 18. Rd1 Rc6 19. Ne5 Rb6 20. Nd3 O-O 21.
Rc1 Ra8 22. Bc7 1-0

[Event "AUTO-OPEN-4509"]
[Site "http://www.queenalice.com/game.php?id=1842664"]
[Date "2024.8.28"]
[Round "3"]
[White "scarabeli"]
[Black "RaulSoft"]
[Result "0-1"]
[WhiteElo "1813"]
[BlackElo "2640"]

1. e4 e5 2. Nf3 Nc6 3. Bc4 Nf6 4. d3 Bc5 5. c3 d6 6. Nbd2 O-O 7. O-O a6 8. b4
Ba7 9. a4 Ne7 10. Re1 Ng6 11. d4 Re8 12. h3 h6 13. Bd3 b6 14. b5 Nf4 15. Bf1 Bb8
16. Nc4 axb5 17. dxe5 N6h5 18. Bxf4 Nxf4 19. axb5 Rxa1 20. Qxa1 Bb7 21. Qb1 Ne6
22. Nd4 dxe5 0-1

[Event "AUTO-ELITE-2540"]
[Site "http://www.queenalice.com/game.php?id=1843800"]
[Date "2024.9.16"]
[Round "2"]
[White "Ahlkhanvio"]
[Black "RaulSoft"]
[Result "1/2-1/2"]
[WhiteElo "2611"]
[BlackElo "2645"]

1. d4 d5 2. Bf4 c5 3. dxc5 Qa5+ 4. Nc3 Nf6 5. e4 dxe4 6. Qd2 Nc6 7. O-O-O e5 8.
Nb5 Qxd2+ 9. Bxd2 Rb8 10. Be3 Ng4 11. Nc7+ Ke7 12. Nd5+ Ke8 13. b4 f5 14. Bc4 f4
15. h3 fxe3 16. hxg4 exf2 17. Nh3 Bxg4 18. Rdf1 Nxb4 19. Nxf2 Nxd5 20. Nxg4 Nf6
21. Nxf6+ gxf6 22. Rxf6 Bxc5 23. Re6+ Kd7 24. Rxe5 Rbc8 25. Be6+ Kd6 26. Rxe4
Rce8 27. Rd1+ Kc7 28. Rd7+ Kc6 29. Rd3 Kc7 30. Rd7+ Kc6 31. Rd3 Re7 32. Bd5+ Kc7
33. Bxb7 Kxb7 34. Rxe7+ Bxe7 35. Rd7+ Kb6 36. Rxe7 Rg8 37. Rxh7 Rxg2 38. Kb2 Rg1
39. Rh6+ Kb5 40. Rh5+ Kb6 41. Rh6+ Ka5 42. Rh5+ Kb6 43. Rh6+ 1/2-1/2

[Event "AUTO-ELITE-2540"]
[Site "http://www.queenalice.com/game.php?id=1843801"]
[Date "2024.9.16"]
[Round "2"]
[White "RaulSoft"]
[Black "Ahlkhanvio"]
[Result "1/2-1/2"]
[WhiteElo "2650"]
[BlackElo "2604"]

1. d4 d5 2. c4 dxc4 3. Qa4+ c6 4. Qxc4 Nf6 5. Nf3 Bf5 6. g3 e6 7. Bg2 Nbd7 8.
O-O Be7 9. Qb3 Qb6 10. Nbd2 h6 11. Nc4 Qxb3 12. axb3 Be4 13. Nfe5 Bxg2 14. Kxg2
Nxe5 15. dxe5 Nd7 16. f4 a6 17. Be3 O-O-O 18. Rad1 g6 19. Nd6+ Bxd6 20. Rxd6 Nb8
21. Bc5 Nd7 22. Bb4 Kc7 23. Rc1 Nb8 24. h4 h5 25. e4 Rxd6 26. Bxd6+ Kc8 27. b4
Nd7 28. g4 hxg4 29. Be7 Kc7 30. Kg3 Re8 31. Bg5 b6 32. Kxg4 a5 33. bxa5 bxa5 34.
Bf6 Nxf6+ 35. exf6 Rh8 36. Rh1 Rh5 37. Ra1 Kb6 38. Rd1 Kc7 39. Rd3 Rh8 40. Rh3
Rh5 41. Ra3 Kb6 42. Rb3+ Kc7 43. Ra3 Kb6 44. Rf3 Rh8 45. Rb3+ Kc7 46. e5 Rh5 47.
Rd3 Rh8 48. Ra3 Kb6 49. Rb3+ Kc7 50. Rh3 Rh5 51. Rh1 Kb6 52. Rd1 Kc7 53. Rd3 Rh8
54. Ra3 Kb6 55. Rb3+ Kc7 1/2-1/2

[Event "AUTO-ELITE-2540"]
[Site "http://www.queenalice.com/game.php?id=1843804"]
[Date "2024.9.16"]
[Round "2"]
[White "RaulSoft"]
[Black "mestreRJ"]
[Result "1/2-1/2"]
[WhiteElo "2637"]
[BlackElo "2725"]

1. d4 Nf6 2. c4 e5 3. dxe5 Ng4 4. Bf4 Nc6 5. Nf3 Bb4+ 6. Nc3 Bxc3+ 7. bxc3 Qe7
8. Qd5 f6 9. exf6 Nxf6 10. Qd3 d6 11. g3 O-O 12. Bg2 h6 13. O-O Ne5 14. Nxe5
dxe5 15. Be3 e4 16. Qb1 c5 17. a4 Bf5 18. Qb5 Rac8 19. Rab1 Rf7 20. h3 Ne8 21.
Rfd1 Nd6 22. Qb3 Be6 23. Qc2 Bf5 24. g4 Be6 25. Bxe4 b6 26. Bg6 Rff8 27. a5 bxa5
28. Qd3 Nxc4 29. Qe4 Qf6 30. Bf4 Bf7 31. Bxf7+ Qxf7 32. e3 Nb6 1/2-1/2

[Event "AUTO-ELITE-2540"]
[Site "http://www.queenalice.com/game.php?id=1843805"]
[Date "2024.9.16"]
[Round "2"]
[White "mestreRJ"]
[Black "RaulSoft"]
[Result "1/2-1/2"]
[WhiteElo "2716"]
[BlackElo "2651"]

1. e4 e5 2. Nf3 Nc6 3. Bc4 Bc5 4. c3 Nf6 5. d4 exd4 6. cxd4 Bb4+ 7. Bd2 Nxe4 8.
Bxb4 Nxb4 9. Bxf7+ Kxf7 10. Qb3+ d5 11. Ne5+ Ke6 12. Qxb4 Qf8 13. Qxf8 Rxf8 14.
Nc3 c5 15. Nd3 Nxc3 16. bxc3 b6 17. f3 Kd6 18. a4 Bf5 19. Ne5 Rfc8 20. g4 cxd4
21. cxd4 Bg6 22. Kd2 Rc2+ 23. Ke3 Be8 24. h4 Rac8 25. Rhd1 R8c3+ 26. Kf4 a5 27.
h5 h6 28. Rab1 Kc7 29. Kf5 Kb7 30. Ra1 Re2 31. Ke6 Rxf3 32. Ke7 Bc6 33. Rf1 Rff2
34. Ke6 Be8 35. Ke7 Bc6 36. Ke6 Rc2 37. Nxc6 Kxc6 38. Rxf2 Rxf2 39. Rc1+ Kb7 40.
Rg1 Rc2 41. g5 hxg5 42. Kxd5 b5 43. axb5 Kb6 44. Rxg5 a4 45. Rg6+ Kxb5 46. Rxg7
a3 47. h6 1/2-1/2

[Event "AUTO-OPEN-4514"]
[Site "http://www.queenalice.com/game.php?id=1845494"]
[Date "2024.10.15"]
[Round "3"]
[White "josebaron"]
[Black "RaulSoft"]
[Result "0-1"]
[WhiteElo "2209"]
[BlackElo "2631"]

1. e4 e5 2. Nf3 Nc6 3. Nc3 Nf6 4. Bb5 Nd4 5. d3 c6 6. Ba4 Bc5 7. Nxd4 exd4 8.
Ne2 d5 9. exd5 Nxd5 10. O-O O-O 11. Bb3 a5 12. Bxd5 Qxd5 13. h3 Re8 14. a3 a4
15. c4 dxc3 16. Nxc3 Qe5 17. Ne4 Bb6 0-1

[Event "AUTO-OPEN-4514"]
[Site "http://www.queenalice.com/game.php?id=1845495"]
[Date "2024.10.15"]
[Round "3"]
[White "RaulSoft"]
[Black "josebaron"]
[Result "1-0"]
[WhiteElo "2632"]
[BlackElo "2208"]

1. d4 d5 2. c4 dxc4 3. Qa4+ Bd7 4. Qxc4 Nf6 5. Nf3 e6 6. a3 Be7 7. Nc3 O-O 8. e4
Bc6 9. Bd3 a6 10. Bc2 Re8 11. Qd3 g6 12. h4 h5 13. Ng5 Nh7 14. Nxh7 Kxh7 15. Be3
Nd7 16. g4 Bxh4 17. gxh5 1-0

[Event "AUTO-ELITE-2557"]
[Site "http://www.queenalice.com/game.php?id=1846164"]
[Date "2024.10.26"]
[Round "1"]
[White "CCapivara"]
[Black "RaulSoft"]
[Result "0-1"]
[WhiteElo "2199"]
[BlackElo "2650"]

1. e4 e5 2. Nf3 Nc6 3. Bb5 Nf6 4. d3 Bc5 5. O-O Nd4 6. Bc4 d6 7. c3 Nxf3+ 8.
Qxf3 O-O 9. Bg5 h6 10. Bxf6 Qxf6 11. Qxf6 gxf6 12. Nd2 a5 13. a4 Kg7 14. Kh1 f5
15. f4 Be3 16. Nf3 fxe4 17. dxe4 exf4 18. Rad1 Re8 19. Bd3 Bd7 20. Bc2 Bc6 21.
Nd4 Bxe4 22. Bxe4 Rxe4 23. Nb5 Bb6 24. h3 Rae8 25. b3 d5 26. Kh2 R8e6 27. Nd4
Bxd4 28. Rxd4 Rxd4 29. cxd4 Re4 30. Rd1 Re3 31. Rf1 Rxb3 32. Rxf4 Rb4 33. Rf5
Rxd4 0-1

[Event "AUTO-ELITE-2557"]
[Site "http://www.queenalice.com/game.php?id=1846165"]
[Date "2024.10.26"]
[Round "1"]
[White "RaulSoft"]
[Black "CCapivara"]
[Result "1-0"]
[WhiteElo "2644"]
[BlackElo "2237"]

1. d4 d6 2. e4 Nf6 3. Nc3 c6 4. f4 Qa5 5. Bd3 e5 6. Nf3 Bg4 7. Be3 Nbd7 8. O-O
Be7 9. h3 Bxf3 10. Qxf3 O-O 11. Ne2 exf4 12. Bxf4 c5 13. e5 dxe5 14. dxe5 Ne8
15. Qe4 g6 16. e6 Ndf6 17. Qxb7 Qd8 18. exf7+ Kxf7 19. Bc4+ Kg7 20. Rad1 1-0

[Event "AUTO-ELITE-2557"]
[Site "http://www.queenalice.com/game.php?id=1846169"]
[Date "2024.10.26"]
[Round "1"]
[White "RaulSoft"]
[Black "Sexxy_Bunny"]
[Result "1/2-1/2"]
[WhiteElo "2649"]
[BlackElo "2632"]

1. d4 Nf6 2. c4 e6 3. g3 d5 4. Bg2 Be7 5. Nf3 O-O 6. cxd5 exd5 7. Nc3 c6 8. O-O
Bf5 9. h3 Nbd7 10. g4 Bg6 11. Ne5 Bd6 12. Bf4 Qe7 13. Nxg6 hxg6 14. Bg5 Qe6 15.
Qb3 Rfe8 16. Rfe1 Nb6 17. e4 Nxe4 18. Nxe4 dxe4 19. Qxe6 Rxe6 20. Rxe4 Rxe4 21.
Bxe4 f6 22. Bd2 g5 23. b4 a6 24. a4 Rd8 25. b5 Nc4 26. Bc3 axb5 27. axb5 cxb5
28. Bxb7 b4 29. Bd5+ Kf8 30. Bxb4 Bxb4 31. Bxc4 Rxd4 32. Be6 Bc5 33. Ra5 Ke7 34.
Bf5 Kd6 35. Ra2 Rd1+ 36. Kg2 Bd4 37. Rc2 Ra1 38. Rd2 Kc5 39. Bg6 Ra4 40. Bf7 Kd6
41. Bg6 Kc5 42. Bf7 Ra7 43. Bg8 Ra4 44. Bf7 1/2-1/2